| 000 | 00729nam a2200229Ia 4500 | ||
|---|---|---|---|
| 003 | OSt | ||
| 005 | 20220918105422.0 | ||
| 006 | a|||||r|||| 00| 0 | ||
| 007 | ta | ||
| 008 | 220915b |||||||| |||| 00| 0 hin d | ||
| 024 | _a93,139 | ||
| 037 | _cReference Collections | ||
| 040 |
_aARTS _cARTS _bhin |
||
| 041 |
_2hin _ahin |
||
| 082 | _aP152,4k, M7;N4(RR) | ||
| 100 |
_aशुक्ल, हीरालाल, संपा. _91273 |
||
| 245 | 0 | _aहिन्दी - लोकोक्ति - कोश | |
| 246 | _aHindī - lokokti - kosha | ||
| 260 | _c1994 | ||
| 942 |
_hP152,4k, M7;N4(RR) _cREF |
||
| 999 |
_c106995 _d106995 |
||